Statistics for Ariana Grande - Guess that song

Click here to take the quiz!

General Stats

  • This quiz has been taken 102 times
  • The average score is 8 of 11

Answer Stats

Hint Answer % Correct
Somedays things just take way too much of my energyBreathing, Breathin
92%
Thought I'd end up with Shawn, but he wasn't a match. Wrote some songs about Ricky--Thank U, Next
92%
Kiss me and take off your clothes, ____ a world like thatImagine
88%
You, you're lovin' how I move you, you're lovin how I touch you, my one, it lingers when you're doneGod Is a Woman
87%
Head in the clouds got no weight on my shoulders, I should be wiser and realize that I've got..Problem
83%
All that you've got skin to skin oh my god dont you stop, boy.Dangerous Woman
81%
I got a bad boy, I must admit it, you've got my heart dunno how you did it, ayyee!The Way
81%
This that new style with the fresh type of flowSide to Side
79%
I don't wanna be waitin, but I do just what I have to do, and I might not be the one for youBoyfriend
60%
An angel fell, down from the sky, the day you left me, and angel cried, she cried, she criedAn angel cried
56%
There's something between us, I can feel it right nowBlazed
25%

Score Distribution

Percentile by Number Answered

Percent of People with Each Score

Your Score History

You have not taken this quiz